| 000 | 01154cam a2200325 4500 | ||
|---|---|---|---|
| 001 | 783411 | ||
| 003 | OSt | ||
| 005 | 20150709163614.0 | ||
| 008 | 730628s1973 enk b 000 0 eng | ||
| 010 | _a 73163355 | ||
| 015 | _aB*** | ||
| 020 | _a0855200189 | ||
| 040 |
_aDLC _cDLC _dDLC |
||
| 050 | 0 | 0 |
_aHM291 _b.R575 |
| 082 | 0 | 0 | _a364 ROB |
| 100 | 1 |
_aRobertson, Roland. _92031 |
|
| 245 | 1 | 0 |
_aDeviance, crime and socio-legal control: _bcomparative perspectives _c[by] Roland Robertson and Laurie Taylor. |
| 260 |
_a[London] _bM. Robertson _c[1973] |
||
| 300 |
_a74 p. _c23 cm. |
||
| 490 | 0 | _aLaw in society series | |
| 500 | _aLabel mounted on t.p.: Distributed in U.S.A. exclusively by Fred B. Rotham & Co., South Hackensack, N.J. | ||
| 500 | _aRevision of a paper given to the annual conference of the British Sociological Association in April, 1971. | ||
| 504 | _aIncludes bibliographical references. | ||
| 650 | 0 |
_aDeviant behavior. _92032 |
|
| 650 | 0 |
_aSocial control. _92033 |
|
| 650 | 0 |
_aCrime. _92027 |
|
| 700 | 1 |
_aTaylor, Laurie, _d1935- _ejoint author. _92034 |
|
| 906 |
_a7 _bcbc _corignew _d2 _encip _f19 _gy-gencatlg |
||
| 942 |
_2ddc _cBK |
||
| 999 |
_c743 _d743 |
||